Deep Learning from Scratch : Building with Python from first Principles (Record no. 13516)

MARC details
000 -LEADER
fixed length control field 00431nam a22001697a 4500
003 - CONTROL NUMBER IDENTIFIER
control field OSt
008 - FIXED-LENGTH DATA ELEMENTS--GENERAL INFORMATION
fixed length control field 250505b |||||||| |||| 00| 0 eng d
020 ## - INTERNATIONAL STANDARD BOOK NUMBER
International Standard Book Number 9789352139026
082 ## - DEWEY DECIMAL CLASSIFICATION NUMBER
Classification number 005.133 BUD
100 ## - MAIN ENTRY--PERSONAL NAME
Personal name WEIDMAN,Seth
245 ## - TITLE STATEMENT
Title Deep Learning from Scratch : Building with Python from first Principles
250 ## - EDITION STATEMENT
Edition statement 2nd Ed
260 ## - PUBLICATION, DISTRIBUTION, ETC. (IMPRINT)
Place of publication, distribution, etc Mumbai
Name of publisher, distributor, etc SPD
Date of publication, distribution, etc 2024
300 ## - PHYSICAL DESCRIPTION
Extent 235
650 ## - SUBJECT ADDED ENTRY--TOPICAL TERM
Topical term or geographic name as entry element Deep Learning
942 ## - ADDED ENTRY ELEMENTS (KOHA)
Source of classification or shelving scheme Dewey Decimal Classification
Koha item type Text Books
Holdings
Withdrawn status Lost status Source of classification or shelving scheme Damaged status Not for loan Collection code Home library Current library Date acquired Source of acquisition Currency Cost, normal purchase price Bill Number Total Checkouts Full call number Acc. no. / Barcode Date last seen Actual Cost, discounted price Bill Date Koha item type
    Dewey Decimal Classification     MCA PIET C-LIBRARY PIET C-LIBRARY 02/05/2025 Zaffa Books INR 1175.00 ZBD0092   005.133 BUD 39587 05/05/2025 881.25 02/05/2025 Reference Books
    Dewey Decimal Classification     MCA PIET C-LIBRARY PIET C-LIBRARY 02/05/2025 Zaffa Books INR 1175.00 ZBD0092   005.133 BUD 39588 05/05/2025 881.25 02/05/2025 Text Books
    Dewey Decimal Classification     MCA PIET C-LIBRARY PIET C-LIBRARY 02/05/2025 Zaffa Books INR 1175.00 ZBD0092   005.133 BUD 39589 05/05/2025 881.25 02/05/2025 Text Books

Design & Developed by: PIET Central Library
R70 Miles Stone Pattikalyana Samalkha Panipat 132102
mail ID :- [email protected], Phone No:- 0180-2569700 Ex.216